000 01205nam a22003497a 4500
003 CHAP
005 20220329135652.0
008 971013s1943 r 00010 d
010 _a40222
011 _a41194
035 _a45320
040 _cCHAP
090 _aTesis
100 0 0 _aMorales Villarreal, Francisco.
_978445
245 _aEstudio topográfico y proyecto de la presa derivadora en el ejido "Rancho Viejo", N.L.
260 _aChapingo, Méx. :
_bEl autor,
_c1943
300 _a32 p.
_b: ilus
502 _aTesis (Ing. Agr. Esp. en Irrigación) -- ENA. Departamento de Irrigación
590 _aALEPH
_b10
_c20130110
_lUCH01
_h1309
590 _aBATCH-UPD
_b10
_c20130109
_lUCH01
_h2346
590 _aBATCH-UPD
_b10
_c20130110
_lUCH01
_h1633
590 _aBATCH-UPD
_b10
_c20130410
_lUCH01
_h1025
590 _aBATCH-UPD
_b10
_c20130914
_lUCH01
_h1657
590 _aCONVERSION
_b10
_c20130109
_lUCH01
_h1322
650 1 4 _aIrrigación
_xProyectos
_xNuevo León.
_960464
650 1 4 _aPresas
_xNuevo León.
_991497
901 _aBK
942 _cFOLL
949 _bBC
_cTES
_d-103562
_eTS1
_i45320
_si
949 _bBC
_cTES
_d-103563
_eTS2
_fc.2
_i45320
_si
949 _bBC
_cTES
_d-103564
_eTS2
_fc.3
_i45320
_si
999 _c40222
_d40222